000 00447nam a22001697a 4500
003 OSt
005 20210906102246.0
008 210906b |||||||| |||| 00| 0 eng d
020 _a0-8213-4571-0
040 _aDDC
_cHU
082 _21ST
_a338.4
_b1
100 _aWILLIAM JACK
_91745
245 _aPRINCIPLES OF HEALTH ECONOMICS FOR DEVELOPING COUNTRIES
250 _a1ST
260 _aWASHINGTON, D.C.
_bTHE WORLD BANK
_c1999
942 _2ddc
_cBOOKS
_n0
999 _c2111
_d2111